Province e città autonoma dell'Armenia con mappa - Statistics

Statistiche generali
  • Questo quiz è stato fatto 25 volte
  • Il punteggio medio è 1 su 11
Risposte nella Mappa
Le risposte nella mappa del quiz sottostante sono codificate secondo una scala di colori dal rosso al verde in base alla % di persone che hanno risposto correttamente.
 
Statistiche sulle risposte
Risposta % Corretto
Erevan
100%
Ararat
14%
Armavir
14%
Aragaçotn
0%
Geġark’ownik’
0%
Kotayk'
0%
Loṙi
0%
Širak
0%
Syunik
0%
Tavowš
0%
Vayoc’ Jor
0%
Nessun quiz corrispondente trovato
Distribuzione punteggi
Percentuale di utenti per punteggio
Percentile per numero di risposta
I tuoi punteggi nel tempo
Non hai fatto questo quiz